000 00274nam a2200109Ia 4500
008 210430s9999 xx 000 0 und d
082 _a668.9 P7621 P
100 _aD. R. Paul
_953220
245 _aPolymer Blends Vol- 1
_cD. R. Paul
300 _a600 p.
942 _cBK
_2ddc
999 _c563070
_d563070